| 000 | 00457nam a2200181Ia 4500 | ||
|---|---|---|---|
| 003 | GCL | ||
| 008 | 140319s9999 xx 000 0 eng d | ||
| 040 |
_aGCL / _cGCL |
||
| 082 | 0 | 4 |
_a720.9 _bH A |
| 100 | 1 | _aHANDLIN, DAVID P | |
| 245 | 1 | 0 |
_aAMERICAN ARCHITECTURE / _cHANDLIN, DAVID P |
| 260 |
_a[S.N] : _bTHOMES AND HUDSON ، _c1985 |
||
| 300 | _a288 | ||
| 650 | 0 | 4 | _aAMERICAN ARCHITECTURE |
| 650 | 0 | 4 | _aARTS |
| 650 | 0 | 4 | _aARCHITECTURE |
| 942 |
_2ddc _cBK |
||
| 999 |
_c17484 _d17484 |
||